History Quiz

Random History or War Quiz

HCHS Israeli Wars Quiz Stats

 Plays Quiz not verified by Sporcle

Support Sporcle.
Go Orange.
Score 0/9 Timer 12:00
0 Plays Today
Description War % Correct
June 5-10, 1967/Israel vs Egypt, Syria, and Jordan/Egyptian forces mobilized along Israeli border/Israel launched preemptive air strikes destroying nearly entire Egyptian Air ForceSix-Day War (June War or Third Arab-Israeli War)
76.7%
October 6-25, 1973/joint Egyptian-Syrian surprise attack on holiest day in Judaism/initial Arab success/ Israel went on offensive after 3 days, was shelling Damascus within a weekYom Kippur War (Ramadan War, October War, or Fourth Arab-Israeli War)
66.7%
'Tripartite Agression' or Kadesh Operation/Israel, France and UK invaded Sinai Peninsula to return Suez Canal to Western control and remove Nasser from powerSuez Crisis (Second Arab-Israeli War)
65%
aka the Al-Aqsa Intifada/2000-2005/began after Ariel Sharon visited the Temple Mount/many suicide bombings by PalestiniansSecond Intifada
50%
1967-1970/Nasser mad about losing the Sinai to Israel in Six-Day War/Egypt shelled the Bar Lev Line (Israeli defense line in Sinai)/ended in ceasefire, no boundary changesWar of Attrition
48.3%
Palestinian uprising against Israeli presence in Gaza and the West Bank/1987-1993/began after IDF truck hit civilian car in the Jabalia refugee camp, killing four peopleFirst Intifada
48.3%
12 July-14 Aug 2006/34 day conflict/Hezbollah fighters ambushed 2 Israeli Humvees, killing 3 and taking 2 prisoner/5 more killed in rescue attempt/Israel invaded southern Lebanon2006 Lebanon War
45%
Operation Peace for Galilee/Abu Nidal organization tried to assassinate Israeli ambassador to UK/Begin blamed PLO/ IDF invaded southern Lebanon1982 Lebanon War
41.7%
Began day after signing of Israeli Declaration of Independence/Irag, Egypt, Jordan, Syria invaded Israel/10 months long/Israel took 60% of proposed Arab state1948 Arab-Israeli War (First Arab-Israeli War)
40%

You're not logged in!

Compare scores with friends on all Sporcle quizzes.
OR
Log In

From the Vault

Words Within Words 'V' Blitz

by Scuadrado

This quiz has a very valuable variety of vocabulary.
Remove Ads.
Support Sporcle.
Get the best of Sporcle when you Go Orange. This ad-free experience offers more features, more stats, and more fun while also helping to support Sporcle. Thank you for becoming a member.

Show Comments

Extras

Created Feb 10, 2017ReportNominate
Tags:War Quiz, Extra, israeli

Top Quizzes Today


Score Distribution

Your Account Isn't Verified!

In order to create a playlist on Sporcle, you need to verify the email address you used during registration. Go to your Sporcle Settings to finish the process.

Report this User

Report this user for behavior that violates our Community Guidelines.

Details: